Los intelectuales en la Edad Media
Saved in:
| Main Author: | |
|---|---|
| Format: | Book |
| Language: | Spanish |
| Published: |
Barcelona
Gedisa
2001
|
| Series: | Serie Cladema. Historia
|
| Subjects: | |
| Tags: |
Add Tag
No Tags, Be the first to tag this record!
|
MARC
| LEADER | 00000nam a2200000 a 4500 | ||
|---|---|---|---|
| 001 | UCK7709 | ||
| 003 | CL-VaPUC | ||
| 008 | 051202e20010000SP |||||||||||||||||spa|d | ||
| 020 | |a 8474322510 | ||
| 082 | 0 | 4 | |a 305.552 |b LEG |2 21 |
| 100 | |a Le Goff, Jacques |e author |9 322549 | ||
| 245 | 1 | 4 | |a Los intelectuales en la Edad Media |
| 300 | |a 170 p | ||
| 942 | |c BK | ||
| 945 | |d 20051202 00:00:00 |a jtorresc | ||
| 260 | |a Barcelona |b Gedisa |c 2001 | ||
| 650 | 0 | |a Intelectuales |9 262027 | |
| 650 | 0 | |a Clases sociales |9 256858 | |
| 650 | 0 | |a Civilización medieval |9 265320 | |
| 583 | |a last modification |c 20051202 00:00:00 |k Rodrigo Vera | ||
| 490 | 0 | |a Serie Cladema. Historia | |
| 999 | |c 315559 |d 315557 | ||
| 952 | |0 0 |1 0 |2 ddc |4 0 |6 305_552000000000000_LEG_2001 |7 1 |8 R |9 388923 |a BIBHIS |b BIBHIS |d 2019-11-22 |i 4190777 |l 3 |o 305.552 LEG 2001 |p 4190777 |r 2024-06-12 |s 2024-06-12 |w 2019-11-22 |y BK_R |k HIS | ||